[Event "Jam Bushehr Sepehrmanesh Memorial"]
[Site "Jam Bushehr"]
[Date "2018.04.19"]
[Round "6.1"]
[White "Armand, Saman"]
[Black "Arian Mehr, Aein"]
[Result "1-0"]
[WhiteElo "1950"]
[BlackElo "1502"]
[PlyCount "99"]
[EventDate "2018.04.12"]
[EventType "swiss"]
[EventRounds "9"]
[EventCountry "IRI"]
[SourceTitle "EXT 2024"]
[Source "ChessBase"]
[SourceDate "2023.10.10"]
[SourceVersion "1"]
[SourceVersionDate "2023.10.10"]
[SourceQuality "1"]

1. d4 Nf6 2. Nf3 g6 3. c4 Bg7 4. Nc3 d5 5. Bg5 Ne4 6. cxd5 Nxg5 7. Nxg5 e6 8. Qd2 exd5 9. Qe3+ Kf8 10. Qf4 Bf6 11. h4 h6 12. Nf3 Be6 13. e3 Kg7 14. Bd3 c5 15. dxc5 Qa5 16. Nd4 Qxc5 17. Nxe6+ fxe6 18. 0-0 e5 19. Qg3 g5 20. Rac1 Nc6 21. Qg4 Rad8 22. Ne4 Qe7 23. Nxf6 Qxf6 24. f4 exf4 25. Rxf4 Qe5 26. Rf3 h5 27. Qf5 Qxf5 28. Rxf5 gxh4 29. Rcf1 Rh6 30. Rf7+ Kh8 31. Rxb7 Kg8 32. Rf5 d4 33. Rg5+ Kf8 34. Bc4 Ne7 35. exd4 Rg6 36. Rxg6 Nxg6 37. d5 Ne5 38. b3 Rd7 39. Rxd7 Nxd7 40. Kh2 Ke7 41. Kh3 Kd6 42. Kxh4 Nf6 43. Kg5 Nxd5 44. Bxd5 Kxd5 45. Kxh5 Ke5 46. g4 Kf6 47. Kh6 Kf7 48. g5 Kg8 49. g6 a5 50. g7 1-0

[Event "Jam Bushehr Sepehrmanesh Memorial"]
[Site "Jam Bushehr"]
[Date "2018.04.12"]
[Round "2.1"]
[White "Armand, Saman"]
[Black "Dehghani, Mohammad"]
[Result "1-0"]
[WhiteElo "1950"]
[BlackElo "1660"]
[PlyCount "75"]
[EventDate "2018.04.12"]
[EventType "swiss"]
[EventRounds "9"]
[EventCountry "IRI"]
[SourceTitle "EXT 2024"]
[Source "ChessBase"]
[SourceDate "2023.10.10"]
[SourceVersion "1"]
[SourceVersionDate "2023.10.10"]
[SourceQuality "1"]

1. d4 Nf6 2. c4 g6 3. Nc3 d5 4. Nf3 Bg7 5. Bg5 Ne4 6. cxd5 Nxg5 7. Nxg5 e6 8. Qd2 h6 9. Nh3 exd5 10. Qe3+ Kf8 11. Nf4 c6 12. Qd2 Kg8 13. e3 Bf5 14. Be2 Kh7 15. g4 Be6 16. Qc2 Re8 17. 0-0-0 Na6 18. h4 Kg8 19. Nd3 Qd7 20. Rhg1 Qe7 21. h5 g5 22. Ne5 Bd7 23. Nxd7 Qxd7 24. Qf5 Qxf5 25. gxf5 Nc7 26. Rg3 b5 27. Rdg1 b4 28. f4 bxc3 29. fxg5 cxb2+ 30. Kb1 Bxd4 31. exd4 Rxe2 32. gxh6+ Kh8 33. h7 Nb5 34. a4 Rb8 35. axb5 Rxb5 36. f6 Kxh7 37. Rg7+ Kh6 38. Rg8 1-0

[Event "Jam Bushehr Sepehrmanesh Memorial"]
[Site "Jam Bushehr"]
[Date "2018.04.11"]
[Round "1.1"]
[White "Jamali, Ayyaz"]
[Black "Armand, Saman"]
[Result "0-1"]
[WhiteElo "1371"]
[BlackElo "1950"]
[PlyCount "118"]
[EventDate "2018.04.12"]
[EventType "swiss"]
[EventRounds "9"]
[EventCountry "IRI"]
[SourceTitle "EXT 2024"]
[Source "ChessBase"]
[SourceDate "2023.10.10"]
[SourceVersion "1"]
[SourceVersionDate "2023.10.10"]
[SourceQuality "1"]

1. e4 c5 2. Nc3 Nc6 3. g3 g6 4. Bg2 Bg7 5. d3 d6 6. Nge2 e5 7. 0-0 Be6 8. a3 Qd7 9. Be3 h5 10. h4 Nf6 11. Nd5 Ng4 12. Bg5 f6 13. Bd2 0-0 14. Qc1 Kh7 15. Bh3 Rac8 16. f3 Nh6 17. Bxe6 Qxe6 18. Kg2 Nd4 19. Nxd4 cxd4 20. Rb1 f5 21. c4 fxe4 22. dxe4 b5 23. b3 Rf7 24. Bg5 Rb7 25. Qc2 a5 26. Qd3 Qd7 27. Qd2 Nf7 28. Qxa5 bxc4 29. Nb6 Qc7 30. Nxc4 Qb8 31. Qa4 Ra7 32. Na5 Rc2+ 33. Kg1 Qb6 34. Nc4 Qb8 35. Qb4 Rb7 36. Qa4 Qc8 37. Rf2 Rxc4 38. b4 Nxg5 39. hxg5 Rc1+ 40. Rxc1 Qxc1+ 41. Kg2 Qxg5 42. Kh3 Qe3 43. Kg2 Rc7 44. b5 d3 45. Qb3 g5 46. a4 g4 47. Qe6 gxf3+ 48. Kh3 Qxf2 49. Qf5+ Kg8 50. Qe6+ Kh8 51. Qe8+ Kh7 52. Qxh5+ Bh6 53. Qf5+ Kg8 54. Qe6+ Rf7 55. Qg6+ Bg7 56. Qxd6 Qg2+ 57. Kg4 f2 58. Qd8+ Bf8 59. b6 Qxe4+ 0-1